00385nam a2200121Ia 4500008004100000082002000041100002600061245002100087260004000108300001000148630001800158650008700176211109s9999||||xx |||||||||||||| ||und|| a894.8123bRAM-N aRamakrishna Pillai, K 0aNarakathil Ninnu bNational Book StallaKottayamc1958 a155p. xGeneral Stack aMalayalam literaturevmalayalam fictionmalayalam novelmalayalam storiesxMalayalam